000 00501pam a2200181 a 4500
020 _a0673463796
040 _cDLC
082 0 0 _a500 HAR 1994 A033 Or.
100 1 _aHewitt, Paul G.
245 1 0 _aConceptual physical science /
260 _aNew York :
_bHarperCollins College Publishers,
_cc1994.
300 _axix, 795 p. :
_bill. (chiefly col.) ;
_c27 cm.
500 _aIncludes index.
650 0 _aPhysical sciences.
700 1 _aSuchocki, John.
700 1 _aHewitt, Leslie A.
942 _cEK
999 _c12423
_d12423